| 000 | 00000nam 2200000za 4500 |
| 001 | 9.843574 |
| 003 | CaOODSP |
| 005 | 20221107152543 |
| 007 | cr ||||||||||| |
| 008 | 170913s1999 onc |o f|0| 0 eng d |
| 040 | |aCaOODSP|beng |
| 043 | |an-cn--- |
| 086 | 1 |aCS81-0016/1999E-PDF |
| 100 | 1 |aFinnie, Ross. |
| 245 | 10|aChanges in the structure of Canadian post-secondary graduates' earnings in the 1980s and 1990s |h[electronic resource] / |cby Ross Finnie. |
| 260 | |aOttawa : |bStatistics Canada, |c1999. |
| 300 | |a30, [6] p. |
| 500 | |aDigitized edition from print [produced by Statistics Canada]. |
| 500 | |aCover title. |
| 500 | |a"March 1999." |
| 504 | |aIncludes bibliographic references. |
| 520 | 3 |a"This paper looks at the labour market outcomes of three recent cohorts of Canadian post-secondary graduates using the National Graduates Surveys of the classes of 1982, 1986, and 1990. Their unemployment rates compare very favourably with those of non-graduates, including large declines from two years to five years following graduation, and no general deterioration over time. Earnings levels have shown small-to-moderate declines (depending on the specific level of education - College, Bachelor's, Master's, and Ph.D.) across cohorts in the case of male graduates and increases of similar magnitudes for female graduates. The factors underlying these patters are investigated using a standard regression-based decomposition analysis, with the result indicating that there has been no large scale shift against graduates in terms of prevailing market conditions"--Abstract. |
| 692 | 07|2gccst|aIncome |
| 692 | 07|2gccst|aPostsecondary education |
| 692 | 07|2gccst|aSurveys |
| 710 | 1 |aCanada.|bStatistics Canada. |bBusiness and Labour Market Analysis Division. |
| 856 | 40|qPDF|s1.38 MB|uhttps://publications.gc.ca/collections/collection_2017/statcan/CS81-0016-1999-eng.pdf |
| 986 | |a81F0016XPE |